Statistiken für Demokratischsten Länder der Welt

Klicken Sie hier um das Quiz zu spielen!

Allgemein

  • Dieses Quiz wurde 502 mal gespielt
    (80 seit der letzten Aktualisierung)
  • Das Durchschnittsergebnis liegt bei 22 aus 30

Antwortstatistiken

IndexLand% Korrekt
8,80Deutschland
99%
9,30Finnland
97%
9,81Norwegen
97%
9,39Schweden
97%
9,00Niederlande
96%
9,14Schweiz
96%
8,69Kanada
94%
7,85Vereinigte Staaten
94%
9,28Dänemark
93%
8,28Österreich
93%
8,07Frankreich
90%
8,66Australien
89%
8,07Spanien
89%
8,81Luxemburg
87%
9,45Island
86%
9,61Neuseeland
86%
8,40Japan
80%
8,28Vereinigtes Königreich
79%
9,19Irland
77%
7,96Estland
75%
7,97Tschechien
68%
8,14Griechenland
65%
8,09Südkorea
62%
7,93Malta
46%
8,92Taiwan
42%
7,80Israel
38%
7,98Chile
28%
8,29Costa Rica
23%
8,66Uruguay
20%
8,14Mauritius
6%

Verteilung der Resultate

Perzentil nach korrekt beantworteten Fragen

Anzahl Personen mit jedem Resultat

Ihre Resultats-Entwicklung

Sie haben dieses Quiz seit der letzten Aktualisierung nicht gespielt